000 00923nam a22003017a 4500
003 CHAP
005 20220329133243.0
008 971013s1985 r 00010 d
010 _a3974
011 _a4946
035 _a4151
040 _cCHAP
082 _a631.3
_bT61 1985
245 _aTools for agriculture
_b: a buyer's guide to appropriate equipment
250 _a3a. ed
260 _aLondon :
_bIntermediate Technology Publications,
_c1985
300 _a264 p.
_b: ilus
500 _aD52-53
590 _aBATCH-UPD
_b10
_c20130110
_lUCH01
_h1558
590 _aBATCH-UPD
_b10
_c20130410
_lUCH01
_h0956
590 _aBATCH-UPD
_b10
_c20130914
_lUCH01
_h1611
590 _aCONVERSION
_b10
_c20130109
_lUCH01
_h1303
650 1 4 _aHerramientas.
_954808
650 1 4 _aMaquinaria agrícola
_xFabricación y comercio.
_971172
901 _aBK
942 _cLIBRO
949 _a631.3 T61 1985
_bBC
_cC
_d-13684
_eC
_h79919
_i4151
_si
999 _c3974
_d3974